Najlepsi strzelcy Ligue 1! - Statystyki

Ogólne statystyki
  • Ten quiz został rozwiązany 80 razy
  • Średni wynik to 7 z 50
Statystyki odpowiedzi
Liczba bramek Narodowość Zawodnik % Poprawnych
100 Francja Mbappe
93%
138 Urugwaj Cavani
90%
113 Szwecja Ibrahimovic
83%
53 Brazylia Neymar
71%
141 Portugalia Pauleta
38%
52 Argentyna Di Maria
35%
96 Francja Ben Yedder
29%
100 Francja Lacazette
29%
84 Francja Payet
29%
65 Kolumbia Falcao
26%
57 Holandia Depay
18%
103 Francja Gignac
17%
96 Francja Cisse
11%
55 Tunezja Khazri
11%
86 Francja Thauvin
10%
56 Maroko Chamakh
8%
54 Francja Fekir
8%
76 Francja Gameiro
8%
50 Francja Govou
7%
55 Brazylia Nene
7%
122 Francja Gomis
6%
100 Francja Briand
4%
55 Francja Germain
4%
59 Argentyna Lopez
4%
56 Algieria Delort
3%
100 Senegal Niang
3%
51 Brazylia Bastos
1%
50 Francja Cabella
1%
75 Brazylia Pernambucano
1%
73 Francja Roux
1%
59 Nigeria Utaka
1%
62 Senegal Camara
0%
60 Gujana Francuska Darcheville
0%
58 Mali Diabate
0%
92 Turcja Erdinc
0%
83 Francja Frau
0%
53 WKS Gradel
0%
61 Maroko Hadji
0%
57 Francja Hamouma
0%
59 Brazylia Ilan
0%
79 Francja Luyindula
0%
63 Francja Maoulida
0%
59 Francja Monterrubio
0%
57 Francja Moreira
0%
57 Demokratyczna Republika Konga Nonda
0%
67 Francja Pagis
0%
54 Martynika Piquionne
0%
75 Francja Pujol
0%
71 Francja Remy
0%
70 Tahiti Vahirua
0%
Nie znaleziono quizów pasujących do podanych kryteriów
Rozkład punktacji
Procent ludzi z każdym wynikiem
Percentyl według liczby udzielonych odpowiedzi
Twoja historia wyników
Nie rozwiązałeś tego quizu